000 00432nam a22001577a 4500
005 20250710100943.0
008 250710b |||||||| |||| 00| 0 eng d
020 _a978-0-538-45397-4
050 _aHF 5387 .B74 2012
100 _aBREDESON, DEAN A.
245 _aAPPLIED BUSINESS ETHICS
260 _aAUSTRALIA
_bSOUTH-WESTERN CENGAGE LEARNING
_c2012
300 _aXXVI,358P.:ILL
650 _aBUSINESS ETHICS
942 _2lcc
_cBK
999 _c215875
_d215875